[Event "EU-ch Blitz"]
[Site "Katowice"]
[Date "2022.12.16"]
[Round "1"]
[White "Haydon, David Leslie"]
[Black "Jaszczuk, Piotr"]
[Result "1-0"]
[WhiteElo "2289"]
[BlackElo "1535"]
[PlyCount "53"]
[EventDate "2022.12.16"]
[EventType "swiss (blitz)"]
[EventRounds "22"]
[EventCountry "POL"]
[SourceTitle "CBM 211 Extra"]
[Source "ChessBase"]
[SourceDate "2023.01.31"]
[SourceVersion "1"]
[SourceVersionDate "2023.01.31"]
[SourceQuality "1"]

1. Nf3 c5 2. e3 a6 3. b3 d6 4. Bb2 Nc6 5. c4 e5 6. Nc3 Nf6 7. Be2 Be6 8. d4 exd4 9. exd4 cxd4 10. Nxd4 Nxd4 11. Qxd4 Be7 12. Bf3 Rb8 13. a4 0-0 14. 0-0 Qc7 15. Rfd1 Rfd8 16. Nd5 Bxd5 17. Bxd5 Bf8 18. Bf3 Qc5 19. Qd3 Nd7 20. Ba3 Ne5 21. Bxc5 Nxd3 22. Bb6 Nxf2 23. Kxf2 Re8 24. Re1 Be7 25. Rad1 Kf8 26. Bc7 Bh4+ 27. g3 1-0

[Event "Warsaw Maciei Memorial"]
[Site "Warsaw"]
[Date "2022.07.08"]
[Round "1"]
[White "Jaszczuk, Piotr"]
[Black "Karolczuk, Iwo"]
[Result "1-0"]
[WhiteElo "1389"]
[BlackElo "2319"]
[PlyCount "70"]
[EventDate "2022.07.08"]
[EventType "swiss (blitz)"]
[EventRounds "11"]
[EventCountry "POL"]
[SourceTitle "CBM 209 Extra"]
[Source "ChessBase"]
[SourceDate "2022.09.30"]
[SourceVersion "1"]
[SourceVersionDate "2022.09.30"]
[SourceQuality "1"]

1. f4 d5 2. Nf3 Nf6 3. e3 Bf5 4. d3 e6 5. Be2 Be7 6. 0-0 h5 7. Ne5 Nbd7 8. h3 h4 9. b3 Nxe5 10. fxe5 Nd7 11. Bb2 Bg5 12. e4 dxe4 13. dxe4 Bxe4 14. Bh5 Bf5 15. Rxf5 exf5 16. e6 Be3+ 17. Kh1 Nf6 18. exf7+ Ke7 19. Qe1 Rxh5 20. Qxe3+ Kxf7 21. Nc3 Qe7 22. Qf3 Re8 23. Rf1 Rg5 24. Nd5 Nxd5 25. Qxd5+ Qe6 26. Qxb7 Qe4 27. Qxc7+ Re7 28. Qh2 Qxc2 29. Ba3 Re2 30. Rg1 Qxa2 31. Bc5 a6 32. Qc7+ Kg6 33. Qc6+ Kh7 34. Qf3 Re4 35. Be3 Rg6 1-0

[Event "POL-ch U13 Qual"]
[Site "Jastrzebia Gora"]
[Date "2021.11.16"]
[Round "3"]
[White "Jaszczuk, Piotr"]
[Black "Osinski, Maksymilian"]
[Result "1/2-1/2"]
[WhiteElo "1344"]
[BlackElo "1238"]
[PlyCount "72"]
[EventDate "2021.11.15"]
[EventType "swiss"]
[EventRounds "9"]
[EventCountry "POL"]
[SourceTitle "EXT 2023"]
[Source "ChessBase"]
[SourceDate "2022.10.05"]
[SourceVersion "1"]
[SourceVersionDate "2022.10.05"]
[SourceQuality "1"]

1. e4 c5 2. Nf3 d6 3. d4 cxd4 4. Nxd4 Nf6 5. Nc3 g6 6. Be3 Bg7 7. f3 0-0 8. Qd2 Nc6 9. 0-0-0 d5 10. exd5 Nxd5 11. Nxc6 bxc6 12. Bd4 e5 13. Bc5 Re8 14. Ne4 Qc7 15. Kb1 f5 16. Ng5 h6 17. Nh3 Rd8 18. Bc4 Be6 19. Qe1 Rab8 20. Bb3 a5 21. a4 Re8 22. Ba3 Nb4 23. Bxe6+ Rxe6 24. Qc3 Kh8 25. Qc4 Qc8 26. Rhe1 Nd5 27. Ka1 Qb7 28. Nf2 Qb6 29. Qc5 Qxc5 30. Bxc5 e4 31. Ba3 Nc3 32. Rd6 Rxd6 33. Bxd6 Rb7 34. fxe4 fxe4 35. Nxe4 Nxe4 36. Rxe4 Rxb2 1/2-1/2

[Event "Warsaw Najdorf Memorial op-B"]
[Site "Warsaw"]
[Date "2021.07.15"]
[Round "6"]
[White "Rutkowski, Piotr1111"]
[Black "Jaszczuk, Piotr"]
[Result "1-0"]
[WhiteElo "1688"]
[BlackElo "1424"]
[PlyCount "53"]
[EventDate "2021.07.10"]
[EventType "swiss"]
[EventRounds "9"]
[EventCountry "POL"]
[SourceTitle "EXT 2022"]
[Source "ChessBase"]
[SourceDate "2021.10.06"]
[SourceVersion "1"]
[SourceVersionDate "2021.10.06"]
[SourceQuality "1"]

1. e4 c5 2. Nf3 e6 3. c3 Nc6 4. d4 d5 5. Nbd2 Bd7 6. Bd3 c4 7. Bc2 dxe4 8. Nxe4 Nf6 9. Nxf6+ gxf6 10. Qe2 b5 11. Bf4 Be7 12. 0-0 h5 13. Rad1 Na5 14. d5 e5 15. d6 exf4 16. Rfe1 Nc6 17. dxe7 Qc7 18. Qe4 f5 19. Qd5 Be6 20. Rxe6 fxe6 21. Qxe6 Nxe7 22. Bxf5 Rg8 23. Rd7 Qc5 24. Rxe7+ Qxe7 25. Qxg8+ Qf8 26. Qe6+ Qe7 27. Qc6+ 1-0